Czy to miejsce znajduje się w tropikach? - Statystyki

Ogólne statystyki
  • Ten quiz został rozwiązany 2 362 razy
    2 306 od ostatniego zresetowania
  • Średni wynik to 12 z 15
Statystyki odpowiedzi
Zagadnienie Odpowiedź % Poprawnych
Czy Amazonka leży w tropikach? Tak
97%
Czy Pekin leży w tropikach? Nie
96%
Czy Neapol leży w tropikach? Nie
92%
Czy Indonezja leży w tropikach? Tak
91%
Czy Turcja leży w tropikach? Nie
87%
Czy Irak leży w tropikach? Nie
84%
Czy Los Angeles leży w tropikach? Nie
83%
Czy Kapsztad leży w tropikach? Nie
82%
Czy Manila leży w tropikach? Tak
81%
Czy Bogotá leży w tropikach? Tak
72%
Czy Machu Picchu leży w tropikach? Tak
66%
Czy Nigeria leży w tropikach? Tak
62%
Czy Kilimandżaro leży w tropikach? Tak
60%
Czy Somalia leży w tropikach? Tak
51%
Czy Floryda leży w tropikach? Nie
46%
Nie znaleziono quizów pasujących do podanych kryteriów
Rozkład punktacji
Procent ludzi z każdym wynikiem
Percentyl według liczby udzielonych odpowiedzi
Twoja historia wyników
Nie rozwiązałeś tego quizu od ostatniego zresetowania